| 000 -LEADER |
| fixed length control field |
00677cam a2200193 i 4500 |
| 020 ## - INTERNATIONAL STANDARD BOOK NUMBER |
| ISBN |
1783477237 |
| 020 ## - INTERNATIONAL STANDARD BOOK NUMBER |
| ISBN |
9781783477234 |
| 040 ## - CATALOGING SOURCE |
| Transcribing agency |
YDXCP |
| 082 04 - DEWEY DECIMAL CLASSIFICATION NUMBER |
| Classification number |
363 PAR 2002 C165 Or. |
| 245 00 - TITLE STATEMENT |
| Title |
Choosing a future : |
| Remainder of title |
the social and legal aspects of climate change / |
| 300 ## - PHYSICAL DESCRIPTION |
| Number of Pages |
148 pages ; |
| Dimensions |
26 cm |
| 500 ## - GENERAL NOTE |
| General note |
"A special issue of the Journal of Human Rights and the Environment." |
| 500 ## - GENERAL NOTE |
| General note |
Based on papers presented at Dahrendorf Symposium "Changing the European debate : Focus on Climate Change", 2013. --Acknowledgments. |
| 650 #0 - SUBJECT ADDED ENTRY--TOPICAL TERM |
| Topical Term |
Climatic changes |
| 650 #0 - SUBJECT ADDED ENTRY--TOPICAL TERM |
| Topical Term |
Climatic changes |
| 700 1# - ADDED ENTRY--PERSONAL NAME |
| Personal name |
Grear, Anna, |
| 700 1# - ADDED ENTRY--PERSONAL NAME |
| Personal name |
Gearty, C. A., |
| 942 ## - ADDED ENTRY ELEMENTS (KOHA) |
| Koha item type |
ADB |
| 952 ## - LOCATION AND ITEM INFORMATION (KOHA) |
| Withdrawn status [LOCAL, KOHA] |
0 |